| 000 | 00310 a2200133 4500 | ||
|---|---|---|---|
| 999 |
_c324333 _d324333 |
||
| 001 | 89260 | ||
| 003 | NUST | ||
| 082 | _a891.4393 UMA | ||
| 100 |
_aUmaira Ahmed _9743 |
||
| 245 | _aDarbar-e-Dil | ||
| 260 |
_aLahore _bIlm-o-Irfan Publishers _c2012 |
||
| 300 | _a144p. | ||
| 500 | _aGeneral Books | ||
| 942 |
_aCAE NUST _cBK _k891.4393 UMA _2ddc |
||